| 000 | 00752nam a2200181Ia 4500 | ||
|---|---|---|---|
| 008 | 151018s9999 xx 000 0 und d | ||
| 082 |
_bRBASDV658 _a920 |
||
| 100 | _aद्वारकानाथ गोविंद वैद्य | ||
| 245 | _aनारायण गणेश चंदावरकर | ||
| 250 | _b1 | ||
| 260 |
_bकर्नाटक पब्लिशिंग हाउस _c1937 |
||
| 300 | _a637 | ||
| 600 | _aद्वारकानाथ गोविंद वैद्य | ||
| 630 | _aनारायण गणेश चंदावरकर | ||
| 700 | _aद्वारकानाथ गोविंद वैद्य | ||
| 730 | _aनारायण गणेश चंदावरकर | ||
| 942 | _cBOOK | ||
| 999 |
_c1003127 _d1003124 |
||